000
00306nam a2200121Ia 4500
008
191201s2004 xx 000 0 und d
100
_a
BANSAL, Ram
245
0
_a
Information Systems Analysis and Design
260
_a
N. Delhi
_b
New Age International
_c
2004
300
_a
374
650
_a
MBA
942
_2
ddc
_c
BK
999
_c
182
_d
182